| 000 | 01603nas a2200277Ia 4500 | ||
|---|---|---|---|
| 001 | R240-R2906 | ||
| 003 | IT-CnALBA | ||
| 008 | 170116c99999999xx |||||||||||| ||und|| | ||
| 040 |
_aIT-CnALBA _cIT-CnALBA |
||
| 041 | _aITALIANO | ||
| 100 | _aPALUMBIERI SABINO | ||
| 210 | _aSE VUOI | ||
| 222 | _aSE VUOI | ||
| 245 | 0 | _aSE VUOI. RIVISTA DI ORIENTAMENTO. N. V. ANNO XXVIII. SETTEMBRE OTTOBRE 1987. IL PROSSIMO. | |
| 250 | _a1a ed. | ||
| 260 |
_aCINISELLO BALSAMO (MI) _bEDIZIONI PAOLINE _c1987 |
||
| 300 | _a66 p. | ||
| 310 | _aBIMESTRALE | ||
| 362 | _aFascicolo: 5 / Anno: 28 (1987) | ||
| 500 | _aDIVENIRE PROSSIMO. EMARGINAZIONE. CANZONE, I VECCHI. POESIE. CAMMINO DI MARIA. MANDATI PER L'EVANGELIZZAZIONE. IL MIO PROSSIMO, FOTOLINGUAGGIO. EVANGELIZZAZIONE NEL CONTESTO DELLA CULTURA. CIAN L. MISSIONARI OGGI. CAGNASSO F. BENEDETTA BIANCHI PORRO. VESTRUCCI L. DIARI E LETTERE. ZINGARO MIO FRATELLO. DE FLORIO V. TESTIMONIANZE DI PINA E MARIO. TRA I CARCERATI. RECENSIONI LIBRI. AUDIOCASSETTE. | ||
| 501 | _aSocietà San Paolo EM - Piazza San Paolo, 14 - 12051 ALBA (CN) (non commercial uses only) ® Copyright 2017 | ||
| 520 | _aDIVENIRE PROSSIMO. EMARGINAZIONE. CANZONE, I VECCHI. POESIE. CAMMINO DI MARIA. MANDATI PER L'EVANGELIZZAZIONE. IL MIO PROSSIMO, FOTOLINGUAGGIO. EVANGELIZZAZIONE NEL CONTESTO DELLA CULTURA. CIAN L. MISSIONARI OGGI. CAGNASSO F. BENEDETTA BIANCHI PORRO. VESTRUCCI L. DIARI E LETTERE. ZINGARO MIO FRATELLO. DE FLORIO V. TESTIMONIANZE DI PINA E MARIO. TRA I CARCERATI. RECENSIONI LIBRI. AUDIOCASSETTE. | ||
| 650 | _aVOCAZIONE | ||
| 942 | _cCR | ||
| 957 | _71 | ||
| 999 |
_a12950 _bNO _g1 _c321005 _d321005 |
||